000 00582nam a2200181Ia 4500
008 151202s9999||||xx |||||||||||||| ||und||
082 _bPNVM-31274
100 _aकालेलकर मुसुदन.
245 _aतो राजहंस एक.
260 _bमहाजनी प्रकाशन.
260 _c1976
300 _a92
600 _aकालेलकर मुसुदन.
630 _aतो राजहंस एक.
700 _aकालेलकर मुसुदन.
730 _aतो राजहंस एक.
942 _cBOOK
999 _c1297236
_d1297233